{"text_format":"3","workbook":"xlsx","n_sheets":1,"sheets":["标的物明细表"],"read":"whole","date_system":"1900"}

{"sheet":"标的物明细表","index":0,"n_rows":662,"n_cols":7,"rows_kept":662,"merged":[[0,0,0,6],[602,6,660,6],[661,0,661,5]]}
["贵州美嘉胜商贸有限公司标的物明细表"]
["序号","品牌","货品名称","单位","数量","单价","总价"]
[1,"BC","婴儿床品6件套","件",2,{"v":698,"d":"698.00"},{"$f":"E3*F3","v":{"v":1396,"d":"1,396.00"}}]
[2,"BC","哺乳枕","个",2,{"v":148,"d":"148.00"},{"v":296,"d":"296.00"}]
[3,"良良","床围","个",2,{"v":698,"d":"698.00"},{"v":1396,"d":"1,396.00"}]
[4,"格朗","隔水电炖盅","个",3,{"v":398,"d":"398.00"},{"v":1194,"d":"1,194.00"}]
[5,"洛克","衣服（货号：LOS11219）","件",1,189,{"v":189,"d":"189.00"}]
[6,"洛克","衣服（货号：LOS11207）","件",2,158,{"v":316,"d":"316.00"}]
[7,"洛克","衣服（货号：LOS11212）","件",3,219,{"v":657,"d":"657.00"}]
[8,"洛克","衣服（货号：LOS11214）","件",1,158,{"v":158,"d":"158.00"}]
[9,"洛克","衣服（货号：LOS11220）","件",1,268,{"v":268,"d":"268.00"}]
[10,"洛克","衣服（货号：LOS11206）","件",10,198,{"v":1980,"d":"1,980.00"}]
[11,"洛克","裤子（货号：LOW02277）","条",12,189,{"v":2268,"d":"2,268.00"}]
[12,"洛克","裤子（货号：LOW02281）","条",1,158,{"v":158,"d":"158.00"}]
[13,"洛克","裤子（货号：LOW02267）","条",1,158,{"v":158,"d":"158.00"}]
[14,"洛克","裤子（货号：LOW02274）","条",1,158,{"v":158,"d":"158.00"}]
[15,"洛克","裤子（货号：LOW02260）","条",1,158,{"v":158,"d":"158.00"}]
[16,"洛克","裤子（货号：LOW02286）","条",2,228,{"v":456,"d":"456.00"}]
[17,"洛克","衣服（货号：LOW00275）","件",8,218,{"v":1744,"d":"1,744.00"}]
[18,"洛克","衣服（货号：LOW00966）","件",6,158,{"v":948,"d":"948.00"}]
[19,"洛克","衣服（货号：LOW00260）","件",1,198,{"v":198,"d":"198.00"}]
[20,"洛克","衣服（货号：LOW09951）","件",4,268,{"v":1072,"d":"1,072.00"}]
[21,"洛克","衣服（货号：LOW00270）","件",17,218,{"v":3706,"d":"3,706.00"}]
[22,"洛克","裤子（货号：LOW02958）","条",3,258,{"v":774,"d":"774.00"}]
[23,"洛克","裤子（货号：LOW02959）","条",2,268,{"v":536,"d":"536.00"}]
[24,"洛克","衣服（货号：LOW00277）","件",8,158,{"v":1264,"d":"1,264.00"}]
[25,"洛克","衣服（货号：LOW00250）","件",1,168,{"v":168,"d":"168.00"}]
[26,"洛克","衣服（货号：LOW00363）","件",3,158,{"v":474,"d":"474.00"}]
[27,"洛克","衣服（货号：LOW00259）","件",4,289,{"v":1156,"d":"1,156.00"}]
[28,"洛克","衣服（货号：LOW00962）","件",2,289,{"v":578,"d":"578.00"}]
[29,"洛克","衣服（货号：LOW00691）","件",2,258,{"v":516,"d":"516.00"}]
[30,"洛克","衣服（货号：LOW00354）","件",13,158,{"v":2054,"d":"2,054.00"}]
[31,"洛克","衣服（货号：LOW00967）","件",2,158,{"v":316,"d":"316.00"}]
[32,"洛克","衣服（货号：LOW00252）","件",4,158,{"v":632,"d":"632.00"}]
[33,"洛克","衣服（货号：LOW00266）","件",7,158,{"v":1106,"d":"1,106.00"}]
[34,"洛克","衣服（货号：LOW00251）","件",8,238,{"v":1904,"d":"1,904.00"}]
[35,"洛克","衣服（货号：LOW00276）","件",9,158,{"v":1422,"d":"1,422.00"}]
[36,"洛克","衣服（货号：LOW00951）","件",3,179,{"v":537,"d":"537.00"}]
[37,"洛克","衣服（货号：LOW00681）","件",3,189,{"v":567,"d":"567.00"}]
[38,"洛克","衣服（货号：LOS07304）","件",8,198,{"v":1584,"d":"1,584.00"}]
[39,"洛克","衣服（货号：L9S07204）","件",3,199,{"v":597,"d":"597.00"}]
[40,"洛克","裤子（货号：LOW02277）","条",1,189,{"v":189,"d":"189.00"}]
[41,"洛克","裤子（货号：LOW02253）","条",5,198,{"v":990,"d":"990.00"}]
[42,"洛克","裤子（货号：LOW02264）","条",7,258,{"v":1806,"d":"1,806.00"}]
[43,"hello Kitty","文胸","个",3,58,{"v":174,"d":"174.00"}]
[44,"洛克","帽子BA221-306P036","个",1,42,{"v":42,"d":"42.00"}]
[45,"洛克","被子（货号：LJW18955）","床",2,589,{"v":1178,"d":"1,178.00"}]
[46,"BC","被子（货号：6602152320704）","床",1,478,{"v":478,"d":"478.00"}]
[47,"洛克","被子（货号：LJF0W253）","床",1,639,{"v":639,"d":"639.00"}]
[48,"洛克","睡袋（货号：E6388）","床",1,229,{"v":229,"d":"229.00"}]
[49,"辛巴","浴巾（货号：S7607）","床",1,328,{"v":328,"d":"328.00"}]
[50,"洛克","裤子（货号：LOW02266）","条",9,298,{"v":2682,"d":"2,682.00"}]
[51,"洛克","裤子（货号：LOW02960）","条",2,298,{"v":596,"d":"596.00"}]
[52,"洛克","裤子（货号：LOW02952）","条",10,258,{"v":2580,"d":"2,580.00"}]
[53,"洛克","泰迪45cm","个",1,179,{"v":179,"d":"179.00"}]
[54,"洛克","和服套装","套",1,199,{"v":199,"d":"199.00"}]
[55,"洛克","裤子（货号：LOW02255）","条",3,268,{"v":804,"d":"804.00"}]
[56,"洛克","裤子（货号：LOW02261）","条",4,238,{"v":952,"d":"952.00"}]
[57,"洛克","裤子（货号：LOW02266）","条",8,298,{"v":2384,"d":"2,384.00"}]
[58,"洛克","裤子（货号：LOW02257）","条",3,318,{"v":954,"d":"954.00"}]
[59,"洛克","裤子（货号：LOW02952）","条",5,258,{"v":1290,"d":"1,290.00"}]
[60,"洛克","裤子（货号：LOW04250）","条",4,358,{"v":1432,"d":"1,432.00"}]
[61,"洛克","裤子（货号：LOW02961）","条",2,268,{"v":536,"d":"536.00"}]
[62,"洛克","裤子（货号：LOW02251）","条",3,198,{"v":594,"d":"594.00"}]
[63,"洛克","裤子（货号：LOS02315）","条",1,168,{"v":168,"d":"168.00"}]
[64,"洛克","裤子（货号：LQQJ3509）","条",1,99,{"v":99,"d":"99.00"}]
[65,"洛克","裤子（货号：LOW02281）","条",3,158,{"$f":"E67*F67","v":{"v":474,"d":"474.00"}}]
[66,"洛克","裤子（货号：LOW02277）","条",4,189,{"v":756,"d":"756.00"}]
[67,"洛克","裤子（货号：LOW02267）","条",3,158,{"v":474,"d":"474.00"}]
[68,"洛克","裤子（货号：LOW02274）","条",9,158,{"v":1422,"d":"1,422.00"}]
[69,"洛克","裤子（货号：LOW02286）","条",12,228,{"v":2736,"d":"2,736.00"}]
[70,"洛克","裤子（货号：LOS02308）","条",4,158,{"v":632,"d":"632.00"}]
[71,"洛克","裤子（货号：LOW02260）","条",3,158,{"v":474,"d":"474.00"}]
[72,"洛克","裤袜（货号：B51A）","条",5,35,{"v":175,"d":"175.00"}]
[73,"迪斯尼","文胸（货号：WX165A）","个",1,43,{"v":43,"d":"43.00"}]
[74,"迪斯尼","文胸（货号：WX166B）","个",2,59,{"v":118,"d":"118.00"}]
[75,"迪斯尼","文胸（货号：WX172A）","个",1,59,{"v":59,"d":"59.00"}]
[76,"洛克","围巾（货号：LJW14951）","个",10,138,{"v":1380,"d":"1,380.00"}]
[77,"洛克","围巾（货号：L9W14256）","个",5,59,{"v":295,"d":"295.00"}]
[78,"洛克","围巾（货号：L8W14250）","个",1,99,{"v":99,"d":"99.00"}]
[79,"洛克","帽子＋手套（货号：LJW15250）","个",2,228,{"v":456,"d":"456.00"}]
[80,"洛克","帽子（货号：LJW15251）","个",1,189,{"v":189,"d":"189.00"}]
[81,"洛克","帽子（货号：LQDZ6005）","个",3,109,{"v":327,"d":"327.00"}]
[82,"洛克","围巾（货号：L8W14251）","个",3,69,{"v":207,"d":"207.00"}]
[83,"洛克","小熊网床（货号：LHLC005）","个",2,85.8,{"v":171.6,"d":"171.60"}]
[84,"洛克","帽子（货号：L8W15352）","个",1,59,{"v":59,"d":"59.00"}]
[85,"洛克","小方巾（货号：LHLC095）","个",7,31.9,{"v":223.3,"d":"223.30"}]
[86,"洛克","大方巾（货号：LHLC096）","个",2,35.9,{"v":71.8,"d":"71.80"}]
[87,"洛克","童巾（货号：LHLC098）","个",3,38.9,{"v":116.7,"d":"116.70"}]
[88,"洛克","大方巾（货号：LHLC100）","个",1,63.9,{"v":63.9,"d":"63.90"}]
[89,"洛克","小方巾（货号：LHLC099）","个",2,59.9,{"v":119.8,"d":"119.80"}]
[90,"洛克","袜子（货号：LPSZ3010）","包",3,26.8,{"v":80.4,"d":"80.40"}]
[91,"洛克","脚套（货号：LQSZ3008）","副",3,46,{"v":138,"d":"138.00"}]
[92,"洛克","三角巾（货号：L8W18081）","包",5,49,{"v":245,"d":"245.00"}]
[93,"洛克","三角巾（货号：L8W18082）","包",4,79,{"v":316,"d":"316.00"}]
[94,"洛克","婴儿帽（货号：L8S29025）","包",3,39,{"v":117,"d":"117.00"}]
[95,"洛克","胎帽（货号：LQSZ3001）","个",2,59,{"v":118,"d":"118.00"}]
[96,"洛克","宝宝帽（货号：L8W15060）","个",3,79,{"v":237,"d":"237.00"}]
[97,"洛克","手脚套（货号：L8S29026）","副",1,49,{"v":49,"d":"49.00"}]
[98,"洛克","肚围（货号：L8S29020）","包",2,59,{"v":118,"d":"118.00"}]
[99,"洛克","肚围（货号：L8S29011）","个",1,49,{"v":49,"d":"49.00"}]
[100,"洛克","哈衣（货号：L8S20025)","件",3,139,{"v":417,"d":"417.00"}]
[101,"洛克","衣服套装（货号：L8S21033)","套",2,169,{"v":338,"d":"338.00"}]
[102,"洛克","衣服套装（货号：L8S21034)","套",1,159,{"v":159,"d":"159.00"}]
[103,"洛克","衣服套装（货号：LCW10150)","套",2,158,{"v":316,"d":"316.00"}]
[104,"洛克","连身衣（货号：LCW11152)","套",1,128,{"v":128,"d":"128.00"}]
[105,"洛克","连身衣（货号：LCW11150)","套",4,168,{"v":672,"d":"672.00"}]
[106,"洛克","连身衣（货号：LCW11154)","套",3,158,{"v":474,"d":"474.00"}]
[107,"洛克","连身衣（货号：LCW11166)","套",1,158,{"v":158,"d":"158.00"}]
[108,"洛克","连身衣（货号：LCW11172)","套",1,128,{"v":128,"d":"128.00"}]
[109,"洛克","连身衣（货号：LCW11173)","套",4,128,{"v":512,"d":"512.00"}]
[110,"洛克","哈衣（货号：L8S20038)","套",4,149,{"v":596,"d":"596.00"}]
[111,"洛克","衣服套装（货号：L8S21038)","套",20,169,{"v":3380,"d":"3,380.00"}]
[112,"洛克","夹棉套装（货号：LCW10667)","套",3,269,{"v":807,"d":"807.00"}]
[113,"洛克","裤子（货号：LOW04250）","条",3,358,{"v":1074,"d":"1,074.00"}]
[114,"洛克","裤子（货号：LOW02251）","条",4,198,{"v":792,"d":"792.00"}]
[115,"洛克","衣服（货号：LOW00277）","件",2,158,{"v":316,"d":"316.00"}]
[116,"洛克","衣服（货号：LOW00266）","件",3,158,{"v":474,"d":"474.00"}]
[117,"洛克","衣服（货号：LOW00259）","件",4,289,{"v":1156,"d":"1,156.00"}]
[118,"洛克","衣服（货号：LOW00962）","件",2,289,{"v":578,"d":"578.00"}]
[119,"洛克","衣服（货号：LOW00961）","件",2,258,{"v":516,"d":"516.00"}]
[120,"洛克","衣服（货号：LOW00250）","件",2,168,{"v":336,"d":"336.00"}]
[121,"洛克","衣服（货号：LOW00275）","件",2,218,{"v":436,"d":"436.00"}]
[122,"洛克","衣服（货号：LOW00966）","件",6,158,{"v":948,"d":"948.00"}]
[123,"洛克","衣服（货号：LOW00252）","件",3,158,{"v":474,"d":"474.00"}]
[124,"洛克","衣服（货号：LOW00951）","件",5,179,{"v":895,"d":"895.00"}]
[125,"洛克","衣服（货号：LOW00251）","件",1,238,{"v":238,"d":"238.00"}]
[126,"洛克","衣服（货号：LOW00363）","件",9,158,{"v":1422,"d":"1,422.00"}]
[127,"洛克","衣服（货号：LOW00681）","件",8,189,{"v":1512,"d":"1,512.00"}]
[128,"洛克","衣服（货号：LOW00253）","件",3,258,{"v":774,"d":"774.00"}]
[129,"洛克","裙子（货号：LOS08204）","件",4,268,{"$f":"E131*F131","v":{"v":1072,"d":"1,072.00"}}]
[130,"洛克","衣服（货号：LOW00270）","件",3,218,{"v":654,"d":"654.00"}]
[131,"洛克","衣服（货号：LOS08202）","件",1,134,{"v":134,"d":"134.00"}]
[132,"洛克","裤子（货号：LOW02271）","条",1,218,{"v":218,"d":"218.00"}]
[133,"洛克","裤子（货号：LOW02961）","条",1,268,{"v":268,"d":"268.00"}]
[134,"洛克","衣服（货号：LOW00957）","件",1,138,{"v":138,"d":"138.00"}]
[135,"洛克","衣服（货号：LOW00263）","件",6,268,{"v":1608,"d":"1,608.00"}]
[136,"洛克","衣服（货号：LOS11313）","件",3,138,{"v":414,"d":"414.00"}]
[137,"洛克","衣服（货号：LOS11212）","件",4,219,{"v":876,"d":"876.00"}]
[138,"洛克","衣服（货号：LOS11219）","件",3,189,{"v":567,"d":"567.00"}]
[139,"洛克","衣服（货号：LOS11205）","件",7,269,{"v":1883,"d":"1,883.00"}]
[140,"洛克","衣服（货号：LOS11206）","件",4,198,{"v":792,"d":"792.00"}]
[141,"洛克","衣服（货号：L9S07202）","件",3,289,{"v":867,"d":"867.00"}]
[142,"洛克","衣服（货号：LOS11214）","件",6,158,{"v":948,"d":"948.00"}]
[143,"洛克","衣服（货号：LOS11207）","件",2,158,{"v":316,"d":"316.00"}]
[144,"洛克","夹层连体衣（货号：LOW11271）","件",1,568,{"v":568,"d":"568.00"}]
[145,"洛克","连体裙（货号：LOW08266）","件",2,258,{"v":516,"d":"516.00"}]
[146,"洛克","衣服（货号：LOW00967）","件",4,158,{"v":632,"d":"632.00"}]
[147,"洛克","衣服（货号：LOS00307）","件",1,128,{"v":128,"d":"128.00"}]
[148,"洛克","衣服（货号：LOW00260）","件",1,198,{"v":198,"d":"198.00"}]
[149,"洛克","衣服（货号：LOW07274）","件",1,268,{"v":268,"d":"268.00"}]
[150,"洛克","衣服（货号：LOW00959）","件",1,218,{"v":218,"d":"218.00"}]
[151,"洛克","衣服（货号：LOW00354）","件",1,158,{"v":158,"d":"158.00"}]
[152,"洛克","衣服（货号：LOW00694）","件",1,269,{"v":269,"d":"269.00"}]
[153,"洛克","裙子（货号：LOW08261）","件",1,338,{"v":338,"d":"338.00"}]
[154,"洛克","衣服（货号：LOS07306）","件",1,238,{"v":238,"d":"238.00"}]
[155,"洛克","衣服（货号：L8S10007）","件",1,189,{"v":189,"d":"189.00"}]
[156,"洛克","裤子（货号：LOS02315）","条",1,168,{"v":168,"d":"168.00"}]
[157,"洛克","连体衣（货号：LCW11172）","件",1,128,{"v":128,"d":"128.00"}]
[158,"洛克","裤子（货号：6408350342816）","条",1,128,{"v":128,"d":"128.00"}]
[159,"洛克","裤子（货号：LOW02381）","条",1,338,{"v":338,"d":"338.00"}]
[160,"洛克","裤子（货号：LOW02255）","条",1,268,{"v":268,"d":"268.00"}]
[161,"洛克","裤子（货号：LOW02966）","条",1,258,{"v":258,"d":"258.00"}]
[162,"洛克","裤子（货号：LOW02960）","条",2,298,{"v":596,"d":"596.00"}]
[163,"洛克","裤子（货号：LOW04250）","条",2,358,{"v":716,"d":"716.00"}]
[164,"洛克","裤子（货号：LOS02323）","条",2,188,{"v":376,"d":"376.00"}]
[165,"洛克","裤子（货号：LOW02264）","条",6,258,{"v":1548,"d":"1,548.00"}]
[166,"洛克","裤子（货号：LOW04695）","条",2,329,{"v":658,"d":"658.00"}]
[167,"洛克","裤子（货号：LOW02952）","条",3,258,{"v":774,"d":"774.00"}]
[168,"洛克","裤子（货号：LOW04697）","条",3,368,{"v":1104,"d":"1,104.00"}]
[169,"洛克","裤子（货号：LOW02962）","条",2,298,{"v":596,"d":"596.00"}]
[170,"洛克","裤子（货号：LOW02277）","条",7,189,{"v":1323,"d":"1,323.00"}]
[171,"洛克","裤子（货号：LOW02271）","条",7,218,{"v":1526,"d":"1,526.00"}]
[172,"洛克","裤子（货号：LOW02250）","条",1,158,{"v":158,"d":"158.00"}]
[173,"洛克","裤子（货号：LOW02372）","条",3,258,{"v":774,"d":"774.00"}]
[174,"洛克","裤子（货号：LOS02322）","条",2,129,{"v":258,"d":"258.00"}]
[175,"洛克","裤子（货号：LOW02959）","条",11,268,{"v":2948,"d":"2,948.00"}]
[176,"洛克","衣服（货号：LOW00251）","件",1,238,{"v":238,"d":"238.00"}]
[177,"洛克","裤子（货号：LOW02267）","条",2,158,{"v":316,"d":"316.00"}]
[178,"洛克","衣服（货号：LCW11169）","件",4,158,{"v":632,"d":"632.00"}]
[179,"洛克","长袍（货号：LCW20155）","件",4,138,{"v":552,"d":"552.00"}]
[180,"洛克","衣服（货号：LCW10252）","套",2,198,{"v":396,"d":"396.00"}]
[181,"洛克","衣服（货号：LCW10668）","件",12,198,{"v":2376,"d":"2,376.00"}]
[182,"洛克","衣服（货号：LCW11170）","套",7,138,{"v":966,"d":"966.00"}]
[183,"洛克","衣服（货号：LCW11157）","件",16,119,{"v":1904,"d":"1,904.00"}]
[184,"洛克","裤子（货号：LOW02274）","条",14,158,{"v":2212,"d":"2,212.00"}]
[185,"洛克","裤子（货号：LOW02263）","条",8,218,{"v":1744,"d":"1,744.00"}]
[186,"洛克","裤子（货号：LOW02286）","条",7,228,{"v":1596,"d":"1,596.00"}]
[187,"洛克","裤子（货号：LOW02253）","条",13,198,{"v":2574,"d":"2,574.00"}]
[188,"洛克","裤子（货号：LOW04951）","条",15,228,{"v":3420,"d":"3,420.00"}]
[189,"洛克","裤子（货号：LOW02357）","条",10,258,{"v":2580,"d":"2,580.00"}]
[190,"洛克","连体衣（货号：LOW11257）","套",2,428,{"v":856,"d":"856.00"}]
[191,"洛克","裤子（货号：LOW02958）","条",3,258,{"v":774,"d":"774.00"}]
[192,"洛克","裤子（货号：LOW02686）","条",1,268,{"v":268,"d":"268.00"}]
[193,"洛克","口水巾（货号：L8S29024）","个",1,39,{"$f":"E195*F195","v":{"v":39,"d":"39.00"}}]
[194,"良良","床围","床",3,698,{"v":2094,"d":"2,094.00"}]
[195,"良良","孕妇枕","个",1,358,{"v":358,"d":"358.00"}]
[196,"BC","哺乳枕","个",4,149,{"v":596,"d":"596.00"}]
[197,"洛克","床上8件套（货号：LJW18951）","包",2,1280,{"v":2560,"d":"2,560.00"}]
[198,"洛克","毛巾套装","套",1,68.8,{"v":68.8,"d":"68.80"}]
[199,"洛克","衣服（货号：LOW00964）","件",5,298,{"v":1490,"d":"1,490.00"}]
[200,"洛克","衣服（货号：LOW00963）","件",15,238,{"v":3570,"d":"3,570.00"}]
[201,"洛克","衣服（货号：LOW00377）","件",12,298,{"v":3576,"d":"3,576.00"}]
[202,"洛克","小吉他（货号：JXT88023)","个",1,126.8,{"v":126.8,"d":"126.80"}]
[203,"洛克","小火车（货号：80067)","个",3,168,{"v":504,"d":"504.00"}]
[204,"洛克","小章鱼（货号：JXT88013)","个",3,76.8,{"v":230.4,"d":"230.40"}]
[205,"洛克","JXT88015","个",2,163.8,{"v":327.6,"d":"327.60"}]
[206,"洛克","小火车（货号：88069)","个",1,88.8,{"v":88.8,"d":"88.80"}]
[207,"洛克","MBL0085","个",2,32.8,{"v":65.6,"d":"65.60"}]
[208,"洛克","餐具（货号：LPWWY101)","个",1,118,{"v":118,"d":"118.00"}]
[209,"洛克","奶瓶（货号：LPWWY006)","个",3,98,{"v":294,"d":"294.00"}]
[210,"BC","哺乳枕","个",2,149,{"v":298,"d":"298.00"}]
[211,"良良","床围","个",1,698,{"v":698,"d":"698.00"}]
[212,"okbaby","两用垫","个",7,159,{"v":1113,"d":"1,113.00"}]
[213,"洛克","浴帽（货号：LHLC009)","个",3,63.8,{"v":191.4,"d":"191.40"}]
[214,"艾洛迪","围兜","个",1,98,{"v":98,"d":"98.00"}]
[215,"洛克","衣服（货号：LCW11162）","件",3,128,{"v":384,"d":"384.00"}]
[216,"洛克","衣服（货号：L8S23009）","件",3,59,{"v":177,"d":"177.00"}]
[217,"洛克","衣服（货号：L8S21039）","件",8,169,{"v":1352,"d":"1,352.00"}]
[218,"洛克","衣服（货号：L8S21034）","件",1,158,{"v":158,"d":"158.00"}]
[219,"洛克","衣服（货号：LQQZ5121）","件",1,149,{"v":149,"d":"149.00"}]
[220,"洛克","衣服（货号：L8S23006）","件",1,69,{"v":69,"d":"69.00"}]
[221,"洛克","衣服（货号：L8S21025）","件",1,129,{"v":129,"d":"129.00"}]
[222,"洛克","衣服（货号：LOS11205）","件",4,269,{"v":1076,"d":"1,076.00"}]
[223,"洛克","衣服（货号：LCW11153）","件",10,138,{"v":1380,"d":"1,380.00"}]
[224,"洛克","衣服（货号：LCW11165）","件",4,168,{"v":672,"d":"672.00"}]
[225,"洛克","衣服（货号：LCW11164）","件",1,158,{"v":158,"d":"158.00"}]
[226,"洛克","衣服（货号：LQQB3511）","件",1,149,{"v":149,"d":"149.00"}]
[227,"洛克","衣服（货号：L8S29024）","件",1,39,{"v":39,"d":"39.00"}]
[228,"洛克","大方巾（货号：LHLC100）","个",1,63.9,{"v":63.9,"d":"63.90"}]
[229,"洛克","帽子（货号：LJW15951）","个",11,128,{"v":1408,"d":"1,408.00"}]
[230,"洛克","帽子（货号：LJW15251）","个",5,189,{"v":945,"d":"945.00"}]
[231,"洛克","帽子套装（货号：LJW15250）","个",27,228,{"v":6156,"d":"6,156.00"}]
[232,"小龙人","袜子（货号：2315）","双",3,9.8,{"v":29.4,"d":"29.40"}]
[233,"小龙人","袜子（货号：2309）","双",1,12.8,{"v":12.8,"d":"12.80"}]
[234,"小龙人","袜子（货号：2318）","双",1,12.8,{"v":12.8,"d":"12.80"}]
[235,"小龙人","袜子（货号：2311）","双",8,12.8,{"v":102.4,"d":"102.40"}]
[236,"小龙人","袜子（货号：2320）","双",6,12.8,{"v":76.8,"d":"76.80"}]
[237,"小龙人","袜子（货号：2313）","双",5,12.8,{"v":64,"d":"64.00"}]
[238,"小龙人","袜子（货号：2314）","双",2,20,{"v":40,"d":"40.00"}]
[239,"小龙人","袜子（货号：2269）","双",1,9.6,{"v":9.6,"d":"9.60"}]
[240,"小龙人","袜子（货号：6374）","双",3,20,{"v":60,"d":"60.00"}]
[241,"迪斯尼","袜子（货号：MW000413）","双",2,12,{"v":24,"d":"24.00"}]
[242,"小狮王","袜子（货号：S7035）","双",1,35,{"v":35,"d":"35.00"}]
[243,"小狮王","袜子（货号：S7034）","双",3,35,{"v":105,"d":"105.00"}]
[244,"小狮王","袜子（货号：S7032）","双",1,38,{"v":38,"d":"38.00"}]
[245,"波斯娃","裤袜（货号：B51A）","双",1,35,{"v":35,"d":"35.00"}]
[246,"婴姿访","婴儿帽","个",1,39,{"v":39,"d":"39.00"}]
[247,"婴姿访","童帽","个",1,50,{"v":50,"d":"50.00"}]
[248,"洛克","手脚套（货号：LQSZ3008）","套",1,23,{"v":23,"d":"23.00"}]
[249,"洛克","床上8件套（货号：LJW18951）","套",3,1280,{"v":3840,"d":"3,840.00"}]
[250,"洛克","床上8件套（货号：LJW18951）","套",2,1280,{"v":2560,"d":"2,560.00"}]
[251,"BC","哺乳枕5130","个",3,149,{"v":447,"d":"447.00"}]
[252,"BC",4880,"个",4,698,{"v":2792,"d":"2,792.00"}]
[253,"乐扣","HKT699A","个",2,98,{"v":196,"d":"196.00"}]
[254,"乐扣","HKT699M","个",2,98,{"v":196,"d":"196.00"}]
[255,"BC","泳圈（货号：7116）","个",2,99,{"v":198,"d":"198.00"}]
[256,"BC","硅胶围兜（货号：8620）","个",1,69,{"v":69,"d":"69.00"}]
[257,"BC","哺乳巾（货号：5298）","个",1,68,{"$f":"E259*F259","v":{"v":68,"d":"68.00"}}]
[258,"BC","牙胶（货号：Y301）","个",1,89,{"v":89,"d":"89.00"}]
[259,"BC","牙胶（货号：Y302）","个",1,89,{"v":89,"d":"89.00"}]
[260,"BC","牙刷（货号：Y303）","个",3,69,{"v":207,"d":"207.00"}]
[261,"BC","安抚奶嘴（货号：Y306）","个",9,39,{"v":351,"d":"351.00"}]
[262,"BC","安抚巾（货号：7010）","个",3,69,{"v":207,"d":"207.00"}]
[263,"BC","PPSU奶瓶（货号：1716）","个",4,129,{"v":516,"d":"516.00"}]
[264,"洛克","玩具（货号：MBL0085）","个",1,32.8,{"v":32.8,"d":"32.80"}]
[265,"NOK","奶瓶（货号：40743737）","个",2,128,{"v":256,"d":"256.00"}]
[266,"小狮王","拍背器（货号：S9505）","个",2,59,{"v":118,"d":"118.00"}]
[267,"小狮王","S2212","个",4,51,{"v":204,"d":"204.00"}]
[268,"BC","牙胶（货号：Y203）","个",2,69,{"v":138,"d":"138.00"}]
[269,"BC","指套牙刷（货号：3062）","个",10,20,{"v":200,"d":"200.00"}]
[270,"NOK","水温计（货号：40256715）","个",4,48,{"v":192,"d":"192.00"}]
[271,"BC","喂养勺（货号：1206）","个",7,89,{"v":623,"d":"623.00"}]
[272,"BC","安抚奶嘴（货号：Y305）","个",2,69,{"v":138,"d":"138.00"}]
[273,"小狮王","S2213","个",5,53,{"v":265,"d":"265.00"}]
[274,"NOK","沐浴棉（货号：40251704）","个",1,32,{"v":32,"d":"32.00"}]
[275,"BC","玩具杯（货号：B2011）","个",1,69,{"v":69,"d":"69.00"}]
[276,"小狮王","奶瓶（货号：S6971）","个",1,83,{"v":83,"d":"83.00"}]
[277,"NOK","学饮杯（货号：40741759）","个",1,118,{"v":118,"d":"118.00"}]
[278,"ACFI","运动水杯","个",1,198,{"v":198,"d":"198.00"}]
[279,"安思培","保温吸管杯","个",3,298,{"v":894,"d":"894.00"}]
[280,"BEABA","三合一训练杯","个",1,128,{"v":128,"d":"128.00"}]
[281,"BC","奶瓶夹（货号：4360）","个",2,49,{"v":98,"d":"98.00"}]
[282,"BC","宽口/牙/盖（货号：2650）","个",4,19,{"v":76,"d":"76.00"}]
[283,"NOK",40256704,"个",1,55,{"v":55,"d":"55.00"}]
[284,"BC","鸭嘴（货号：PJ-2680）","个",2,10,{"v":20,"d":"20.00"}]
[285,"莎卡","孕妇牙刷（货号：7469）","个",9,28,{"v":252,"d":"252.00"}]
[286,"莎卡","孕妇硅胶牙刷（货号：7391）","个",1,36,{"v":36,"d":"36.00"}]
[287,"乔丹","牙刷（货号：9304）","把",31,26,{"v":806,"d":"806.00"}]
[288,"乔丹","牙刷（货号：1766）","把",15,26,{"v":390,"d":"390.00"}]
[289,"乔丹","牙刷（货号：1216）","把",13,26,{"v":338,"d":"338.00"}]
[290,"乔丹","牙刷（货号：0161）","把",5,26,{"v":130,"d":"130.00"}]
[291,"乔丹","牙刷（货号：6328）","把",2,26,{"v":52,"d":"52.00"}]
[292,"乔丹","牙刷（货号：3682）","把",6,26,{"v":156,"d":"156.00"}]
[293,"诞福","盆骨带（货号：8068）","盒",12,485,{"v":5820,"d":"5,820.00"}]
[294,"BC","奶瓶（货号：1716）","个",31,89,{"v":2759,"d":"2,759.00"}]
[295,"BC","尿片收纳包（货号：5016）","个",3,39,{"v":117,"d":"117.00"}]
[296,"okbaby","浴帽（货号：8292)","个",1,88,{"v":88,"d":"88.00"}]
[297,"小狮王","S2212","个",7,51,{"v":357,"d":"357.00"}]
[298,"BC","奶粉盒（货号：1680)","个",1,59,{"v":59,"d":"59.00"}]
[299,"NOK","消毒锅","个",1,460,{"v":460,"d":"460.00"}]
[300,"格朗","电炖锅（货号：GLYY-7)","个",2,378,{"v":756,"d":"756.00"}]
[301,"格朗","调乳器（货号：GLT-2)","个",2,278,{"v":556,"d":"556.00"}]
[302,"格朗","暖奶宝（货号：GLNQ-806)","个",3,198,{"v":594,"d":"594.00"}]
[303,"格朗","暖奶宝（货号：GLNQ-808)","个",3,268,{"v":804,"d":"804.00"}]
[304,"BC","奶瓶消毒锅","个",1,119,{"v":119,"d":"119.00"}]
[305,"BC","牙胶（货号：Y202）","个",6,59,{"v":354,"d":"354.00"}]
[306,"BC","牙胶（货号：Y203）","个",7,69,{"v":483,"d":"483.00"}]
[307,"BC","奶瓶夹（货号：4360）","个",3,49,{"v":147,"d":"147.00"}]
[308,"BC","防走失绳（货号：4220）","个",1,79,{"v":79,"d":"79.00"}]
[309,"BC","安抚奶嘴（货号：1061）","个",2,39,{"v":78,"d":"78.00"}]
[310,"BC","安抚奶嘴（货号：1062）","个",7,39,{"v":273,"d":"273.00"}]
[311,"BC","安抚奶嘴（货号：1063）","个",1,39,{"v":39,"d":"39.00"}]
[312,"小狮王","安抚奶嘴（货号：S19020）","个",1,30,{"v":30,"d":"30.00"}]
[313,"NOK","吸鼻器","个",2,55,{"v":110,"d":"110.00"}]
[314,"NOK","硅胶勺套装","个",2,75,{"v":150,"d":"150.00"}]
[315,"BC","硅胶牙刷（货号：Y303）","个",1,69,{"v":69,"d":"69.00"}]
[316,"BC","超轻背带（货号：201）","个",1,339,{"v":339,"d":"339.00"}]
[317,"良良","分腿睡袋","个",1,238,{"v":238,"d":"238.00"}]
[318,"莎卡","孕妇牙刷（毛刷）","个",12,28,{"v":336,"d":"336.00"}]
[319,"莎卡","孕妇牙刷（硅胶）","个",5,36,{"v":180,"d":"180.00"}]
[320,"okbaby","洗头杯","个",2,88,{"v":176,"d":"176.00"}]
[321,null,"连裤袜（货号：5156-1）","个",4,49,{"$f":"E323*F323","v":{"v":196,"d":"196.00"}}]
[322,null,"棉花边裤袜","个",1,60,{"v":60,"d":"60.00"}]
[323,"小狮王","S7032","个",1,38,{"v":38,"d":"38.00"}]
[324,"米妮","宝宝棉鞋","双",1,59,{"v":59,"d":"59.00"}]
[325,"小狮王","奶瓶（货号：S6971）","个",66,83,{"v":5478,"d":"5,478.00"}]
[326,"okbaby","澡盆架","个",2,548,{"v":1096,"d":"1,096.00"}]
[327,"BC","辅食机（货号：4520）","个",1,599,{"v":599,"d":"599.00"}]
[328,"BC","三件套（货号：3860）","套",1,79,{"v":79,"d":"79.00"}]
[329,"澳贝","涂鸦板","个",1,119,{"v":119,"d":"119.00"}]
[330,"乔丹","牙刷（货号：6311）","个",1,26,{"v":26,"d":"26.00"}]
[331,"okbaby","简易餐椅","个",1,149,{"v":149,"d":"149.00"}]
[332,"澳贝","床铃","个",1,149,{"v":149,"d":"149.00"}]
[333,"智温宝","温度计","个",11,288,{"v":3168,"d":"3,168.00"}]
[334,"BC","硅胶餐盒","个",2,49,{"v":98,"d":"98.00"}]
[335,"NOK","吸管杯（货号：1755）","个",1,129,{"v":129,"d":"129.00"}]
[336,"NOK","鸭嘴杯（货号：1768）","个",1,119,{"v":119,"d":"119.00"}]
[337,"小狮王","牙刷（货号：S1341）","个",1,78,{"v":78,"d":"78.00"}]
[338,"NOK","玻璃奶瓶","个",14,118,{"v":1652,"d":"1,652.00"}]
[339,"NOK","水温计","个",14,48,{"v":672,"d":"672.00"}]
[340,"okbaby","室内温度计","个",58,19,{"v":1102,"d":"1,102.00"}]
[341,"小白熊","温湿度计","个",1,59,{"v":59,"d":"59.00"}]
[342,"小乌龟","温度计","个",1,79,{"v":79,"d":"79.00"}]
[343,"BC","三件套餐具（货号：3860）","个",1,79,{"v":79,"d":"79.00"}]
[344,"BC","防水罩衣（货号：5206）","个",2,89,{"v":178,"d":"178.00"}]
[345,"BC","奶瓶（货号：1724）","个",1,129,{"v":129,"d":"129.00"}]
[346,"BC","音乐锤（货号：7327）","个",1,79,{"v":79,"d":"79.00"}]
[347,"BC","水杯（货号：B2800）","个",1,89,{"v":89,"d":"89.00"}]
[348,"宝得适","座椅凉席","个",1,198,{"v":198,"d":"198.00"}]
[349,"BC","水杯（货号：B2011）","个",1,89,{"v":89,"d":"89.00"}]
[350,"小狮王","隔尿垫（货号：S5152）","个",5,188,{"v":940,"d":"940.00"}]
[351,"BC","喂养勺（货号：1206）","个",1,89,{"v":89,"d":"89.00"}]
[352,"帕利高","餐椅垫","个",2,88,{"v":176,"d":"176.00"}]
[353,"洛克","床上8件套（货号：LJW18951）","床",2,1280,{"v":2560,"d":"2,560.00"}]
[354,"onelife","方巾（5条）","包",1,49,{"v":49,"d":"49.00"}]
[355,null,"卫衣（小童）","件",1,69,{"v":69,"d":"69.00"}]
[356,"丘比丘","宝宝衣套装","套",1,89,{"v":89,"d":"89.00"}]
[357,"丘比丘","抱被","件",1,129,{"v":129,"d":"129.00"}]
[358,"丘比丘","背心","件",1,39,{"v":39,"d":"39.00"}]
[359,"阳光圣婴","YF11891","个",1,98,{"v":98,"d":"98.00"}]
[360,"七色花","抱巾","个",1,88,{"v":88,"d":"88.00"}]
[361,null,"连裤袜","个",1,20,{"v":20,"d":"20.00"}]
[362,"洛克","LPSZ3009","个",1,26.8,{"v":26.8,"d":"26.80"}]
[363,"洛克","奶瓶（货号：LPWWY006)","个",1,98,{"v":98,"d":"98.00"}]
[364,"NOK","学饮杯","个",1,129,{"v":129,"d":"129.00"}]
[365,"贝斯熊","多功能背带","个",1,189,{"v":189,"d":"189.00"}]
[366,"ALfi","活动水杯","个",1,159,{"v":159,"d":"159.00"}]
[367,"洛克","水杯（货号：LPWWY092）","个",1,22,{"v":22,"d":"22.00"}]
[368,"洛克","勺子（货号：LPWWY09502000）","个",4,4.8,{"v":19.2,"d":"19.20"}]
[369,"洛克","奶瓶夹（货号：LPWWY038）","个",5,15.8,{"v":79,"d":"79.00"}]
[370,"洛克","二件套（货号：LHLC052）","个",3,12.8,{"v":38.4,"d":"38.40"}]
[371,"洛克","洗澡网（货号：LHLC005）","个",1,25.8,{"v":25.8,"d":"25.80"}]
[372,null,"婴儿袜","组",7,9.8,{"v":68.6,"d":"68.60"}]
[373,"必尔","紫外线消毒器","个",1,1680,{"v":1680,"d":"1,680.00"}]
[374,null,"玩偶","个",13,30,{"v":390,"d":"390.00"}]
[375,"BC","奶嘴（货号：1042）","个",170,49,{"v":8330,"d":"8,330.00"}]
[376,"BC","奶嘴（货号：9002）","个",15,49,{"v":735,"d":"735.00"}]
[377,"BC","电热蚊香器（货号：4392）","个",1,29,{"v":29,"d":"29.00"}]
[378,"BC","超宽口/牙/盖（货号：PJ-2680）","个",7,19,{"v":133,"d":"133.00"}]
[379,"BC","宽口吸咀/牙/盖（货号：PJ2690）","个",3,19,{"v":57,"d":"57.00"}]
[380,"BC","妈咪包（货号：5010）","个",2,249,{"v":498,"d":"498.00"}]
[381,"BC","孕妇枕","个",2,149,{"v":298,"d":"298.00"}]
[382,"洛克","电子琴（货号：JXT88024A）","个",1,238,{"v":238,"d":"238.00"}]
[383,null,"宝宝鞋","双",18,199,{"v":3582,"d":"3,582.00"}]
[384,null,"宝宝棉鞋","双",1,59,{"v":59,"d":"59.00"}]
[385,"BC","游泳圈（货号：7116）","个",4,99,{"$f":"E387*F387","v":{"v":396,"d":"396.00"}}]
[386,"BC","安抚巾（货号：7010）","个",8,69,{"v":552,"d":"552.00"}]
[387,"BC","奶粉盒（货号：1680)","个",2,59,{"v":118,"d":"118.00"}]
[388,"BC","鸭嘴（货号：PJ-2680）","个",9,10,{"v":90,"d":"90.00"}]
[389,"BC","硅胶奶瓶外盖","个",4,15,{"v":60,"d":"60.00"}]
[390,"BC","奶瓶吸管重力球","个",3,29,{"v":87,"d":"87.00"}]
[391,"BC","吸嘴（货号：PJ-2860）","个",4,10,{"v":40,"d":"40.00"}]
[392,"BC","吸管（货号：2980-07）","个",5,10,{"v":50,"d":"50.00"}]
[393,"BC","儿童学习桌","个",1,139,{"v":139,"d":"139.00"}]
[394,"BC","婴儿床","个",1,1290,{"v":1290,"d":"1,290.00"}]
[395,"BC","婴儿床垫","个",1,568,{"v":568,"d":"568.00"}]
[396,"BC","宝宝澡盆","个",2,179,{"v":358,"d":"358.00"}]
[397,"小狮王","洗澡躺椅","个",1,215,{"v":215,"d":"215.00"}]
[398,"okbaby","婴儿车凉席","个",1,128,{"v":128,"d":"128.00"}]
[399,"帕利高","伞车","个",3,2699,{"v":8097,"d":"8,097.00"}]
[400,"帕利高","伞车安全杆","个",3,358,{"v":1074,"d":"1,074.00"}]
[401,"okbaby","澡盆架","个",4,328,{"v":1312,"d":"1,312.00"}]
[402,null,"宝宝蚊帐","个",7,189,{"v":1323,"d":"1,323.00"}]
[403,"okbaby","按摩抚触垫","个",3,128,{"v":384,"d":"384.00"}]
[404,"米粒班","玩具车","个",3,188,{"v":564,"d":"564.00"}]
[405,null,"奶瓶消毒锅","个",1,498,{"v":498,"d":"498.00"}]
[406,"NUK","奶瓶","个",11,119,{"v":1309,"d":"1,309.00"}]
[407,"乐扣乐扣","奶嘴训练杯","个",8,137,{"v":1096,"d":"1,096.00"}]
[408,"bc","食物调理套装","个",1,79,{"v":79,"d":"79.00"}]
[409,"zoli","磨甲抛光器","个",3,418,{"v":1254,"d":"1,254.00"}]
[410,"良良","成长睡袋","个",1,458,{"v":458,"d":"458.00"}]
[411,"良良","床垫","张",1,226,{"v":226,"d":"226.00"}]
[412,"小狮王辛巴","立体母乳保鲜袋","个",5,88,{"v":440,"d":"440.00"}]
[413,"bc","哺乳枕","个",1,148,{"v":148,"d":"148.00"}]
[414,"bc","4880辅食机","台",1,698,{"v":698,"d":"698.00"}]
[415,"必尔","消毒柜","台",1,1680,{"v":1680,"d":"1,680.00"}]
[416,"bc","4880辅食机","台",1,698,{"v":698,"d":"698.00"}]
[417,"bc","2681吸管杯小套装","个",22,25,{"v":550,"d":"550.00"}]
[418,"膳魔师","吸管式配件组","个",2,48,{"v":96,"d":"96.00"}]
[419,"bc","食物调理套装","个",3,79,{"v":237,"d":"237.00"}]
[420,"汤美天地","吸管杯专用吸管2支","个",6,20,{"v":120,"d":"120.00"}]
[421,"NUK","吸鼻器","个",2,55,{"v":110,"d":"110.00"}]
[422,"NUK","旋转奶瓶盖","个",2,30,{"v":60,"d":"60.00"}]
[423,"小狮王辛巴","宽口自动吸管组","个",3,18,{"v":54,"d":"54.00"}]
[424,"乐扣乐扣","吸管、吸管刷套件","个",9,21,{"v":189,"d":"189.00"}]
[425,"bc","奶瓶盖","个",1,15,{"v":15,"d":"15.00"}]
[426,"小狮王辛巴","宽口奶嘴","个",2,25,{"v":50,"d":"50.00"}]
[427,"小狮王辛巴","标口奶嘴","个",4,19,{"v":76,"d":"76.00"}]
[428,"bc","吸管杯套装","个",1,25,{"v":25,"d":"25.00"}]
[429,"bc","伞车","辆",1,298,{"v":298,"d":"298.00"}]
[430,"小狮王辛巴","隔尿垫","张",2,188,{"v":376,"d":"376.00"}]
[431,"bc","7116婴儿游泳圈","个",5,99,{"v":495,"d":"495.00"}]
[432,"小狮王辛巴","多功能旋转挂钩","个",1,76,{"v":76,"d":"76.00"}]
[433,"小狮王辛巴","替换吸管组","个",1,43,{"v":43,"d":"43.00"}]
[434,"膳魔师","吸管组","个",4,48,{"v":192,"d":"192.00"}]
[435,"膳魔师","把手配件","个",3,28,{"v":84,"d":"84.00"}]
[436,"bc","透明奶盖","个",6,15,{"v":90,"d":"90.00"}]
[437,"bc","吸管重力球","个",3,25,{"v":75,"d":"75.00"}]
[438,"bc","超宽口鸭咀","个",1,10,{"v":10,"d":"10.00"}]
[439,"bc","超宽口吸咀","个",7,19,{"v":133,"d":"133.00"}]
[440,"bc","1708宝宝PPSU奶瓶","个",6,49,{"v":294,"d":"294.00"}]
[441,"bc","9020儿童PPSU奶瓶","个",2,89,{"v":178,"d":"178.00"}]
[442,"NUK","消毒锅","个",2,460,{"v":920,"d":"920.00"}]
[443,"OKBABY","按摩抚触、换尿布两用垫","张",1,128,{"v":128,"d":"128.00"}]
[444,"bc","宽口奶嘴","个",1,49,{"v":49,"d":"49.00"}]
[445,"bc","标口奶嘴","个",36,49,{"v":1764,"d":"1,764.00"}]
[446,"NUK","灵巧手动吸奶器","个",2,548,{"v":1096,"d":"1,096.00"}]
[447,"zoli","磨甲抛光器","个",2,418,{"v":836,"d":"836.00"}]
[448,"bc","大耳朵玩具杯","个",4,119,{"v":476,"d":"476.00"}]
[449,"NUK","宽口玻璃奶瓶","个",2,118,{"v":236,"d":"236.00"}]
[450,"小狮王辛巴","玻璃大奶瓶","个",19,69,{"v":1311,"d":"1,311.00"}]
[451,"小狮王辛巴","标准玻璃大奶瓶","个",8,63,{"v":504,"d":"504.00"}]
[452,"bc","硅胶奶嘴两个装","个",54,49,{"v":2646,"d":"2,646.00"}]
[453,"bc","云朵硅胶餐桌垫","个",11,69,{"v":759,"d":"759.00"}]
[454,"BEABA","米饭面条料理器","个",3,98,{"v":294,"d":"294.00"}]
[455,"三洋","产后盆骨带","个",2,485,{"v":970,"d":"970.00"}]
[456,"小狮王辛巴","宽口圆孔奶嘴","个",14,25,{"v":350,"d":"350.00"}]
[457,"小狮王辛巴","标准奶嘴","个",14,19,{"v":266,"d":"266.00"}]
[458,"bc","2910儿童保温杯配套杯盖","个",2,29,{"v":58,"d":"58.00"}]
[459,"小狮王辛巴","S1402海绵刷头","个",12,9,{"v":108,"d":"108.00"}]
[460,"小狮王辛巴","标准玻璃大奶瓶","个",19,69,{"v":1311,"d":"1,311.00"}]
[461,"小狮王辛巴","标准玻璃葫芦大奶瓶","个",15,83,{"v":1245,"d":"1,245.00"}]
[462,"bc","便携奶粉辅食盒","个",4,59,{"v":236,"d":"236.00"}]
[463,"bc","1716宝宝PPSU奶瓶","个",29,89,{"v":2581,"d":"2,581.00"}]
[464,"小狮王辛巴","保温杯","个",2,103,{"v":206,"d":"206.00"}]
[465,"bc","9020儿童PPSU奶瓶","个",1,89,{"v":89,"d":"89.00"}]
[466,"小狮王辛巴","不滴水好乐杯","个",1,105,{"v":105,"d":"105.00"}]
[467,"云儿宝贝","推车垫","张",1,38,{"v":38,"d":"38.00"}]
[468,"小狮王辛巴","护头枕","个",1,138,{"v":138,"d":"138.00"}]
[469,"bc","哺乳巾","张",2,68,{"v":136,"d":"136.00"}]
[470,"bc","硅胶围兜","个",7,69,{"v":483,"d":"483.00"}]
[471,"bc","挤压式喂养勺","个",1,89,{"v":89,"d":"89.00"}]
[472,"bc","B2011大耳朵玩具杯","个",1,59,{"v":59,"d":"59.00"}]
[473,"小狮王辛巴","标准葫芦玻璃大奶瓶","个",2,83,{"v":166,"d":"166.00"}]
[474,"小狮王辛巴","标准玻璃大奶瓶","个",1,69,{"v":69,"d":"69.00"}]
[475,"乐扣乐扣","奶嘴训练杯","个",2,88,{"v":176,"d":"176.00"}]
[476,"小狮王辛巴","拍背器","个",8,61,{"v":488,"d":"488.00"}]
[477,"安思倍","学习碗","个",1,98,{"v":98,"d":"98.00"}]
[478,"bc","广口硅胶奶嘴","个",60,49,{"v":2940,"d":"2,940.00"}]
[479,"bc","新生儿小盆","个",5,215,{"v":1075,"d":"1,075.00"}]
[480,"小狮王辛巴","洗澡盆","个",1,318,{"v":318,"d":"318.00"}]
[481,"bc","1716宝宝PPSU奶瓶","个",53,89,{"v":4717,"d":"4,717.00"}]
[482,"BEABA","3合1训练杯","个",7,128,{"v":896,"d":"896.00"}]
[483,"格朗","GLYY-8电炖盅","个",1,398,{"v":398,"d":"398.00"}]
[484,"bc","4880辅食机","台",2,698,{"v":1396,"d":"1,396.00"}]
[485,"bc","4860辅食机","台",1,1299,{"v":1299,"d":"1,299.00"}]
[486,"NUK","蒸汽消毒锅","个",1,460,{"v":460,"d":"460.00"}]
[487,"BEABA","辅食机","台",1,1680,{"v":1680,"d":"1,680.00"}]
[488,"bc","6920蒸汽消毒烘干器","台",1,498,{"v":498,"d":"498.00"}]
[489,"帕利高","伞车","辆",1,2699,{"v":2699,"d":"2,699.00"}]
[490,"bc","9002广口硅胶奶嘴","个",73,49,{"v":3577,"d":"3,577.00"}]
[491,"BEABA","辅食机","台",2,1680,{"v":3360,"d":"3,360.00"}]
[492,"bc","4880辅食机","台",1,698,{"v":698,"d":"698.00"}]
[493,"bc","6920蒸汽消毒烘干器","台",1,498,{"v":498,"d":"498.00"}]
[494,"bc","9002广口硅胶奶嘴","个",83,49,{"v":4067,"d":"4,067.00"}]
[495,"bc","1042硅胶奶嘴","个",62,49,{"v":3038,"d":"3,038.00"}]
[496,"bc","9001螺旋硅胶奶嘴","个",80,49,{"v":3920,"d":"3,920.00"}]
[497,"bc","9020儿童PPSU奶瓶","个",68,89,{"v":6052,"d":"6,052.00"}]
[498,"bc","9020儿童PPSU奶瓶（临期）","个",41,89,{"v":3649,"d":"3,649.00"}]
[499,"bc","9001螺旋硅胶奶嘴","个",48,49,{"v":2352,"d":"2,352.00"}]
[500,"巴比象","奶嘴（临期）","个",73,10,{"v":730,"d":"730.00"}]
[501,"巴比象","奶嘴中口（临期）","个",7,15,{"v":105,"d":"105.00"}]
[502,"小狮王辛巴","超柔防胀气奶嘴","个",20,19,{"v":380,"d":"380.00"}]
[503,"小狮王辛巴","超柔防胀气奶嘴（临期）","个",7,19,{"v":133,"d":"133.00"}]
[504,"bc","1206儿童挤压式喂养勺","个",34,89,{"v":3026,"d":"3,026.00"}]
[505,"bc","1708宝宝PPSU奶瓶","个",30,49,{"v":1470,"d":"1,470.00"}]
[506,"bc","7116婴儿游泳圈","个",38,99,{"v":3762,"d":"3,762.00"}]
[507,"bc","3500儿童磨甲器","个",1,99,{"v":99,"d":"99.00"}]
[508,"膳魔师","杯套","个",68,69,{"v":4692,"d":"4,692.00"}]
[509,"膳魔师","把手配件","个",288,28,{"v":8064,"d":"8,064.00"}]
[510,"乐扣乐扣","把手配件","个",9,23,{"v":207,"d":"207.00"}]
[511,"膳魔师","把手配件（箱上单子未写）","个",8,28,{"v":224,"d":"224.00"}]
[512,"膳魔师","BTMY杯套","个",85,69,{"v":5865,"d":"5,865.00"}]
[513,"bc","4360奶瓶夹","个",11,59,{"v":649,"d":"649.00"}]
[514,"bc","1520奶瓶夹","个",2,48,{"v":96,"d":"96.00"}]
[515,"小狮王辛巴","奶瓶夹","个",3,66,{"v":198,"d":"198.00"}]
[516,"bc","2681吸管杯小套装","个",31,25,{"v":775,"d":"775.00"}]
[517,"小狮王辛巴","吸乳喇叭罩","个",2,61,{"v":122,"d":"122.00"}]
[518,"bc","奶瓶盖","个",2,15,{"v":30,"d":"30.00"}]
[519,"bc","超宽口鸭咀","个",3,10,{"v":30,"d":"30.00"}]
[520,"bc","硅胶奶嘴","个",1,49,{"v":49,"d":"49.00"}]
[521,"膳魔师","吸管配件组","个",1,48,{"v":48,"d":"48.00"}]
[522,"bc","9001螺旋硅胶奶嘴","个",188,49,{"v":9212,"d":"9,212.00"}]
[523,"bc","9002广口硅胶奶嘴","个",16,49,{"v":784,"d":"784.00"}]
[524,"bc","8290烧水器","个",1,279,{"v":279,"d":"279.00"}]
[525,"bc","1042硅胶奶嘴","个",52,49,{"v":2548,"d":"2,548.00"}]
[526,"bc","9001螺旋硅胶奶嘴","个",24,49,{"v":1176,"d":"1,176.00"}]
[527,"小白熊","乳头牵引器","个",4,29,{"v":116,"d":"116.00"}]
[528,"宝德适","昊途推车","辆",1,4980,{"v":4980,"d":"4,980.00"}]
[529,"bc","5021妈咪便携收纳包","个",36,59,{"v":2124,"d":"2,124.00"}]
[530,"bc","1716宝宝PPSU奶瓶","个",21,89,{"v":1869,"d":"1,869.00"}]
[531,"小狮王辛巴","标准玻璃大奶瓶","个",31,69,{"v":2139,"d":"2,139.00"}]
[532,"小狮王辛巴","标准玻璃葫芦大奶瓶","个",20,83,{"v":1660,"d":"1,660.00"}]
[533,"小狮王辛巴","玻璃葫芦大奶瓶","个",4,63,{"v":252,"d":"252.00"}]
[534,"bc","9020儿童PPSU奶瓶","个",42,89,{"v":3738,"d":"3,738.00"}]
[535,"bc","9020儿童PPSU奶瓶（临期）","个",14,89,{"v":1246,"d":"1,246.00"}]
[536,"bc","9040广口硅胶奶瓶（临期）","个",20,139,{"v":2780,"d":"2,780.00"}]
[537,null,"玩具车","辆",1,50,{"v":50,"d":"50.00"}]
[538,null,"婴儿床蚊帐","个",5,50,{"v":250,"d":"250.00"}]
[539,"OKBABY","按摩抚触、换尿布两用垫","张",3,128,{"v":384,"d":"384.00"}]
[540,"小狮王","奶嘴","个",289,19,{"v":5491,"d":"5,491.00"}]
[541,"乐扣乐扣","宽口奶嘴","个",9,68,{"v":612,"d":"612.00"}]
[542,"小狮王","密封垫片","个",4,35,{"v":140,"d":"140.00"}]
[543,"巴比象","标准奶嘴","个",16,10,{"v":160,"d":"160.00"}]
[544,"NUK","防漏该","个",1,40,{"v":40,"d":"40.00"}]
[545,"NUK","蒸汽消毒锅","个",1,460,{"v":460,"d":"460.00"}]
[546,"bc","9020儿童[[SU奶瓶","个",12,89,{"v":1068,"d":"1,068.00"}]
[547,"bc","7010安抚巾","个",10,69,{"v":690,"d":"690.00"}]
[548,"bc","9040广口硅胶奶瓶","个",7,139,{"v":973,"d":"973.00"}]
[549,"bc","9030广口硅胶奶瓶","个",1,139,{"v":139,"d":"139.00"}]
[550,"格朗","暖奶宝","个",2,198,{"v":396,"d":"396.00"}]
[551,"bc","1716宝宝ppsu奶瓶","个",1,89,{"v":89,"d":"89.00"}]
[552,"小狮子","保温壶","个",4,103,{"v":412,"d":"412.00"}]
[553,"安儿欣","安抚奶嘴","个",1,32,{"v":32,"d":"32.00"}]
[554,"bc","1680便携奶粉盒","个",13,59,{"v":767,"d":"767.00"}]
[555,"bc","7010安抚巾","个",1,69,{"v":69,"d":"69.00"}]
[556,"小狮王","玻璃奶瓶","个",9,83,{"v":747,"d":"747.00"}]
[557,"香蕉宝宝","出水口延伸器","个",1,198,{"v":198,"d":"198.00"}]
[558,"NUK","别针","个",3,28,{"v":84,"d":"84.00"}]
[559,"小狮王","多功能旋转挂钩","个",17,76,{"v":1292,"d":"1,292.00"}]
[560,"小狮王","奶瓶垫片","个",3,35,{"v":105,"d":"105.00"}]
[561,"小狮王","简易吸乳器","个",1,76,{"v":76,"d":"76.00"}]
[562,"NUK","宽口奶瓶防漏盖","个",7,30,{"v":210,"d":"210.00"}]
[563,"膳魔师","把手","个",6,28,{"v":168,"d":"168.00"}]
[564,"小狮王","把手","个",2,13,{"v":26,"d":"26.00"}]
[565,"NUK","防漏盖配件","个",5,40,{"v":200,"d":"200.00"}]
[566,"NUK","奶瓶盖","个",1,36,{"v":36,"d":"36.00"}]
[567,"小狮王","安全别针","个",1,29,{"v":29,"d":"29.00"}]
[568,null,"安全别针","个",1,30,{"v":30,"d":"30.00"}]
[569,"乐扣乐扣","清洁吸管组","个",3,21,{"v":63,"d":"63.00"}]
[570,"小狮王","海绵刷头","个",3,9,{"v":27,"d":"27.00"}]
[571,"NUK","沐浴棉","个",1,32,{"v":32,"d":"32.00"}]
[572,"小狮王","吸管组","个",1,25,{"v":25,"d":"25.00"}]
[573,"小狮王","吸管组","个",1,73,{"v":73,"d":"73.00"}]
[574,"小狮王","曲奇辅食碗","个",1,86,{"v":86,"d":"86.00"}]
[575,"小狮王","叉勺组合","个",1,49,{"v":49,"d":"49.00"}]
[576,"小白熊","辅食训练器","个",1,36,{"v":36,"d":"36.00"}]
[577,"汤美天地","吸管组","个",1,50,{"v":50,"d":"50.00"}]
[578,"小狮王","指甲剪","个",1,39,{"v":39,"d":"39.00"}]
[579,"膳魔师","杯套","个",4,69,{"v":276,"d":"276.00"}]
[580,"bc","鸭嘴杯盖","个",2,19,{"v":38,"d":"38.00"}]
[581,"BC","儿童五件套（货号：3880）","个",2,129,{"$f":"E583*F583","v":{"v":258,"d":"258.00"}}]
[582,"BC","不倒翁（货号：0201）","个",2,49,{"v":98,"d":"98.00"}]
[583,"BC","保温碗（货号：2162）","个",1,79,{"v":79,"d":"79.00"}]
[584,"BC","套勺（货号：0354）","个",1,49,{"v":49,"d":"49.00"}]
[585,"BC","奶瓶（货号：1716）","个",7,89,{"v":623,"d":"623.00"}]
[586,"BC","拍拍鼓（货号：7320）","个",1,89,{"v":89,"d":"89.00"}]
[587,"BC","保温杯（货号：2980）","个",1,169,{"v":169,"d":"169.00"}]
[588,"BC","儿童学饮杯（货号：B2800）","个",1,89,{"v":89,"d":"89.00"}]
[589,"BC","防撞条（货号：4020）","个",2,79,{"v":158,"d":"158.00"}]
[590,"BC","辅食碗（货号：2180）","个",1,69,{"v":69,"d":"69.00"}]
[591,"BC","PPSU奶瓶（货号：1730）","个",1,179,{"v":179,"d":"179.00"}]
[592,"BC","儿童浴巾（货号：3240）","个",1,99,{"v":99,"d":"99.00"}]
[593,"BC","硅胶餐垫（货号：2300）","个",1,69,{"v":69,"d":"69.00"}]
[594,"小狮王","自动把手小奶瓶","个",1,118,{"v":118,"d":"118.00"}]
[595,"小狮王","宽口葫芦小奶瓶","个",1,98,{"v":98,"d":"98.00"}]
[596,"小狮王","自动把手中奶瓶","个",1,168,{"v":168,"d":"168.00"}]
[597,"小狮王","保温杯","个",1,103,{"v":103,"d":"103.00"}]
[598,"小狮王","马桶垫","个",1,172,{"v":172,"d":"172.00"}]
[599,"BC","背带","个",1,358,{"v":358,"d":"358.00"}]
[600,"宝德士","汽车座椅凉席","个",12,198,{"v":2376,"d":"2,376.00"}]
[601,"鑫谷","电脑主机","台",3,50,{"v":10625,"d":"10,625.00"}]
[602,null,"铁皮文件柜","整组",7,50]
[603,null,"铁皮文件柜","个",27,50]
[604,null,"大保险柜","个",4,100]
[605,null,"壁挂式保险柜","个",1,50]
[606,null,"衣架","箱、袋",20,150]
[607,"美的","C21WK2102电磁炉","台",1,80]
[608,"格兰仕","微波炉","台",2,100]
[609,null,"热敏纸","件",3,10]
[610,"金典","凭证装订机GD001","台",1,200]
[611,null,"电热水壶","套",1,20]
[612,null,"智联企业VPN路由器","台",1,20]
[613,null,"三特备用电源","台",3,10]
[614,null,"智联无线路由器","台",1,10]
[615,null,"磁卡阅读器","个",1,10]
[616,"腾达","网络交换机","台",2,30]
[617,"芯烨","票据打印机XP58ⅡH","台",3,50]
[618,"芯烨","票据打印机XP76ⅡN","台",9,50]
[619,"奇美","A150X2-T03显示器","台",1,50]
[620,"中维世纪","网络硬盘录像机JVS/ND6016-H3-S/AF-NVR-11-A/16-1","台",2,100]
[621,null,"贵州农信A920 POS机","台",1,30]
[622,null,"银联X970POS机","台",1,30]
[623,null,"办公椅","张",4,20]
[624,null,"木制办公长柜","组",3,80]
[625,null,"木制办公柜","组",6,60]
[626,null,"木柜","个",3,60]
[627,null,"小铁皮柜","个",1,45]
[628,null,"办公桌隔断板","套",2,50]
[629,null,"办公桌","套",1,80]
[630,"维融","点、验钞机JBYDHK5901A（C）","台",1,80]
[631,null,"戴尔SE2216HF显示器","台",1,50]
[632,null,"FAST FS16网络交换机","台",1,100]
[633,null,"解码器","台",1,30]
[634,"弘道","票据打印机","台",1,50]
[635,"众强","ZQ-N6516硬盘录像机","台",1,100]
[636,null,"RONGTA RP58A 票据打印机","台",1,50]
[637,null,"EAMA USB-50功放","台",2,50]
[638,null,"封口机","台",1,10]
[639,"腾达","F3无线路由器","台",1,30]
[640,null,"TP-LINK 千兆无线路由器","台",1,30]
[641,null,"HIVI TW106音响","台",1,40]
[642,"佳博","GP-3120T条形码打印机","台",1,50]
[643,"戴尔","电脑主机","台",1,50]
[644,"Great wall","电脑主机","台",1,50]
[645,null,"电脑显示器","台",17,50]
[646,null,"电脑键盘","个",14,20]
[647,null,"计算器","个",19,5]
[648,null,"扩音器","个",2,10]
[649,null,"TP-LINK  TLSG1008M 网络交换机","台",1,40]
[650,null,"考勤机、指纹机","台",4,20]
[651,null,"电风扇","个",1,30]
[652,null,"插线板","个",8,10]
[653,null,"电话机","台",8,5]
[654,null,"电脑鼠标","个",14,5]
[655,null,"模特","个",5,5]
[656,null,"陈列杆","捆",2,20]
[657,null,"小编织篮","个",16,5]
[658,null,"平板推车","个",2,20]
[659,null,"模拟汽车座椅","个",1,80]
["存货及办公设备价格合计",{"$nulls":5},{"$f":"SUM(G3:G661)","v":{"v":443559.2,"d":"443,559.20"}}]